| 000 | 00565 a2200157 4500 | ||
|---|---|---|---|
| 999 |
_c232879 _d232879 |
||
| 003 | NUST | ||
| 005 | 20170224112101.0 | ||
| 008 | 0 | ||
| 040 |
_aDLC _bDLC _c0 |
||
| 082 | _a016.3380029473 | ||
| 100 | _a Jamal | ||
| 245 |
_aJamal's Yellow Pages of Pakistan 2002 industrial /commercial guide _c Jamal |
||
| 260 |
_aKarachi: _bBoard of Investment Govt of Pakistan, _c2003. |
||
| 300 |
_avarious paging. ; _bill.: _c27 cm. |
||
| 500 | _a Includes Index | ||
| 650 | _a1.Business Enterprises--Pakistan Directories.2.Pakistan--Commerce--Directories.3.Pakistan Telephone Directories.4. Yellow Pages. | ||
| 942 |
_cBK _k016.3380029473 JAM _2ddc |
||